[Event "HUN-chT2 Barcza 1011"]
[Site "Hungary"]
[Date "2010.11.07"]
[Round "5.11"]
[White "Molnar, Andras"]
[Black "Toth, Zoltan Jr"]
[Result "1/2-1/2"]
[WhiteElo "1553"]
[BlackElo "1770"]
[PlyCount "98"]
[EventDate "2010.09.12"]
[EventType "team-tourn"]
[EventRounds "11"]
[EventCountry "HUN"]
[SourceTitle "EXT 2012"]
[Source "ChessBase"]
[SourceDate "2011.11.24"]
[SourceVersion "1"]
[SourceVersionDate "2011.11.24"]
[SourceQuality "1"]
[WhiteTeam "Edeleny"]
[BlackTeam "Kazincbarcika"]
[WhiteTeamCountry "HUN"]
[BlackTeamCountry "HUN"]

1. d4 g6 2. Nf3 Bg7 3. Bf4 d6 4. Nbd2 Nf6 5. e3 0-0 6. h3 Nbd7 7. Bd3 c5 8. c3 cxd4 9. cxd4 Nd5 10. g4 Nxf4 11. exf4 e5 12. fxe5 dxe5 13. dxe5 Nxe5 14. Nxe5 Bxe5 15. Nc4 Bg7 16. 0-0 Be6 17. Rb1 b5 18. Ne3 Bxa2 19. Ra1 Be6 20. Bxb5 Bxb2 21. Qxd8 Rfxd8 22. Rab1 Bd4 23. Bc6 Rab8 24. Rxb8 Rxb8 25. Nd5 Bxd5 26. Bxd5 Rb2 27. Bc6 a5 28. Kg2 Kg7 29. Kg3 g5 30. f4 h6 31. fxg5 hxg5 32. Rf5 f6 33. Rxa5 Be5+ 34. Kf3 Rb3+ 35. Kg2 Rg3+ 36. Kf2 Rxh3 37. Bd7 Kf7 38. Bf5 Rc3 39. Rd5 Ke7 40. Rd7+ Ke8 41. Rd3 Rc7 42. Kg2 Ke7 43. Kf3 Rc4 44. Rd7+ Ke8 45. Rd3 Rf4+ 46. Kg2 Bd4 47. Rf3 Be5 48. Rxf4 gxf4 49. Kf3 Kf7 1/2-1/2

[Event "HUN-chT2 Barcza 0809"]
[Site "Hungary"]
[Date "2009.01.25"]
[Round "6.12"]
[White "Toth, Zoltan Jr"]
[Black "Nagy, Tibor2222"]
[Result "1-0"]
[WhiteElo "1720"]
[BlackElo "1850"]
[PlyCount "81"]
[EventDate "2008.10.26"]
[EventType "team-tourn"]
[EventRounds "11"]
[EventCountry "HUN"]
[SourceTitle "EXT 2010"]
[Source "ChessBase"]
[SourceDate "2010.11.25"]
[SourceVersion "1"]
[SourceVersionDate "2010.11.25"]
[SourceQuality "1"]
[WhiteTeam "Kazincbarcika II"]
[BlackTeam "Piremon"]
[WhiteTeamCountry "HUN"]
[BlackTeamCountry "HUN"]

1. c4 c5 2. Nc3 e6 3. e4 Nc6 4. Nf3 d6 5. Be2 Nf6 6. 0-0 Be7 7. d3 0-0 8. a3 a6 9. Rb1 Qc7 10. b4 cxb4 11. axb4 Bd7 12. b5 axb5 13. Nxb5 Qb8 14. Bd2 Na7 15. Nxa7 Rxa7 16. Bc3 Bc6 17. Nd4 Qc7 18. Qb3 Rfa8 19. Nb5 Bxb5 20. Qxb5 d5 21. Bxf6 Bxf6 22. exd5 exd5 23. Qxd5 Rd8 24. Qe4 Bd4 25. Bf3 b6 26. Rb5 Bc5 27. Qe2 Qf4 28. g3 Qd4 29. Bd5 Re7 30. Qf3 Rd6 31. Qf5 g6 32. Qf4 Qxd3 33. Rxc5 Rd8 34. Rc7 Qa3 35. Rxe7 Qxe7 36. Qe3 Qd6 37. Rb1 Rb8 38. Qf4 Qf8 39. Qf6 b5 40. Rxb5 Rd8 41. Rb7 1-0

[Event "HUN-chT2 Asztalos 0607"]
[Site "Hungary"]
[Date "2006.11.26"]
[Round "2"]
[White "Di Giovanni, Vilmos"]
[Black "Toth, Zoltan Jr"]
[Result "1-0"]
[WhiteElo "1983"]
[BlackElo "1997"]
[PlyCount "114"]
[EventDate "2006.11.12"]
[EventType "team"]
[EventRounds "11"]
[EventCountry "HUN"]
[SourceTitle "EXT 2008"]
[Source "ChessBase"]
[SourceDate "2007.11.25"]
[SourceVersion "1"]
[SourceVersionDate "2007.11.25"]
[SourceQuality "1"]
[WhiteTeam "MAV Elore"]
[BlackTeam "Dombovar"]
[WhiteTeamCountry "HUN"]
[BlackTeamCountry "HUN"]

1. d4 Nf6 2. Nf3 d6 3. h3 g6 4. Bf4 Bg7 5. e3 0-0 6. Nbd2 c5 7. c3 Nc6 8. Be2 b6 9. 0-0 Bb7 10. a4 Re8 11. Nc4 Rc8 12. Qb3 Nd7 13. Bxd6 cxd4 14. cxd4 Ba6 15. Bb4 Ndb8 16. Rfe1 Nxb4 17. Qxb4 Nc6 18. Qb3 Qd5 19. Ncd2 Qxb3 20. Nxb3 Bxe2 21. Rxe2 a5 22. Rc2 Nb4 23. Rc3 Nd5 24. Rxc8 Rxc8 25. Rc1 Rxc1+ 26. Nxc1 Kf8 27. Nd3 e6 28. Kf1 Ke8 29. Ke2 f6 30. Kd2 Kd7 31. Kc2 h6 32. Kb3 Kc6 33. Kc4 Bf8 34. e4 Nc7 35. b4 axb4 36. Nxb4+ Bxb4 37. Kxb4 b5 38. axb5+ Nxb5 39. d5+ exd5 40. exd5+ Kb6 41. Nd2 Nd6 42. Nc4+ Kc7 43. Nxd6 Kxd6 44. Kc4 h5 45. Kd4 h4 46. g3 hxg3 47. fxg3 g5 48. Ke4 g4 49. h4 f5+ 50. Kxf5 Kxd5 51. Kxg4 Ke6 52. Kh5 Kf7 53. Kh6 Kg8 54. Kg6 Kh8 55. Kf7 Kh7 56. g4 Kh8 57. g5 Kh7 1-0

[Event "Cseppko op-B 11th"]
[Site "Aggtelek"]
[Date "2002.07.18"]
[Round "5"]
[White "Ats, Laszlo Gyorgy"]
[Black "Toth, Zoltan Jr"]
[Result "1-0"]
[WhiteElo "2098"]
[BlackElo "1943"]
[PlyCount "113"]
[EventDate "2002.07.??"]
[EventType "swiss"]
[EventRounds "9"]
[EventCountry "HUN"]
[SourceTitle "EXT 2004"]
[Source "ChessBase"]
[SourceDate "2003.11.25"]
[SourceVersion "1"]
[SourceVersionDate "2003.11.25"]
[SourceQuality "1"]

1. h4 c5 2. g4 Nc6 3. g5 d6 4. e4 h6 5. Bh3 hxg5 6. hxg5 Bxh3 7. Rxh3 Rxh3 8. Nxh3 Qd7 9. Qh5 e6 10. c3 0-0-0 11. d3 f6 12. Na3 d5 13. Bf4 e5 14. Be3 d4 15. cxd4 cxd4 16. Bd2 Bxa3 17. bxa3 Qe7 18. Ke2 Qxa3 19. Qf7 Qe7 20. Qc4 Kb8 21. Rb1 Rc8 22. a4 Qd7 23. Ng1 Qg4+ 24. Nf3 Qd7 25. Qb5 Nge7 26. a5 Rh8 27. Bb4 Nc8 28. Bc5 Qc7 29. a6 Nb6 30. Bxb6 Qxb6 31. Qxb6 axb6 32. Rxb6 Rg8 33. Rxb7+ Ka8 34. g6 Nb8 35. Nh4 Nxa6 36. Rf7 Nc5 37. Re7 Kb8 38. Nf5 Kc8 39. Nxg7 Kd8 40. Ra7 Rxg7 41. Rxg7 Ne6 42. Rf7 Nf4+ 43. Kf3 Nxg6 44. Rxf6 Ne7 45. Re6 Kd7 46. Rxe5 Nc6 47. Rd5+ Ke6 48. Kg4 Ke7 49. f4 Ke6 50. f5+ Ke7 51. f6+ Kf7 52. Kf5 Nb4 53. Rxd4 Nc2 54. Rd7+ Kf8 55. Ke6 Kg8 56. f7+ Kg7 57. Ke7 1-0

[Event "Cseppko op-B 11th"]
[Site "Aggtelek"]
[Date "2002.07.17"]
[Round "3"]
[White "Toth, Zoltan Jr"]
[Black "Kovacs, Zoltan2222"]
[Result "1/2-1/2"]
[WhiteElo "1943"]
[BlackElo "2067"]
[PlyCount "111"]
[EventDate "2002.07.??"]
[EventType "swiss"]
[EventRounds "9"]
[EventCountry "HUN"]
[SourceTitle "EXT 2004"]
[Source "ChessBase"]
[SourceDate "2003.11.25"]
[SourceVersion "1"]
[SourceVersionDate "2003.11.25"]
[SourceQuality "1"]

1. c4 c5 2. Nc3 Nc6 3. g3 g6 4. Bg2 Bg7 5. Nf3 e6 6. 0-0 Nge7 7. d3 0-0 8. Be3 Nd4 9. Qc1 a6 10. Bh6 Nec6 11. Bxg7 Kxg7 12. Nxd4 Nxd4 13. e3 Nc6 14. Ne4 d6 15. Qc3+ e5 16. a3 Bf5 17. b4 cxb4 18. axb4 Rc8 19. Qa3 Bxe4 20. Bxe4 f5 21. Bd5 Qd7 22. Rfb1 Ne7 23. Bg2 d5 24. b5 a5 25. c5 f4 26. exf4 exf4 27. d4 fxg3 28. fxg3 Nf5 29. Bh3 Rce8 30. Qb2 Qe7 31. Bxf5 Qe3+ 32. Qf2 Qxf2+ 33. Kxf2 gxf5 34. Rxa5 f4 35. g4 f3 36. Re1 Re4 37. Rxe4 dxe4 38. Ra1 Kf6 39. h4 Ke6 40. Ke3 Kd5 41. Rc1 f2 42. Ke2 Kxd4 43. c6 bxc6 44. bxc6 e3 45. c7 Rc8 46. g5 Ke4 47. Rc4+ Kf5 48. Kf1 Kg6 49. Rc6+ Kf5 50. Kg2 Kg4 51. Rc4+ Kh5 52. Kf1 Rf8 53. Rc1 Kxh4 54. c8Q e2+ 55. Kxe2 f1Q+ 56. Rxf1 1/2-1/2

[Event "Cseppko op-B 10th"]
[Site "Aggtelek"]
[Date "2001.??.??"]
[Round "9"]
[White "Ats, Laszlo Gyorgy"]
[Black "Toth, Zoltan Jr"]
[Result "1-0"]
[WhiteElo "2115"]
[BlackElo "1980"]
[PlyCount "39"]
[EventDate "2001.07.16"]
[EventType "swiss"]
[EventRounds "9"]
[EventCountry "HUN"]
[SourceTitle "EXT 2006"]
[Source "ChessBase"]
[SourceDate "2005.11.24"]
[SourceVersion "1"]
[SourceVersionDate "2005.11.24"]
[SourceQuality "1"]

1. h4 e5 2. e4 d5 3. exd5 Qxd5 4. Nc3 Qe6 5. Nf3 f6 6. b3 Bd6 7. Bb2 Bd7 8. Bc4 Qe7 9. Qe2 Nc6 10. Nd5 Qd8 11. d4 Nge7 12. dxe5 fxe5 13. Nxe5 Nxe5 14. Bxe5 b5 15. Bxg7 bxc4 16. Bxh8 cxb3 17. 0-0 c6 18. Qh5+ Ng6 19. Rfe1+ Kf7 20. Qxh7+ 1-0